000 00620nam a2200193 i 4500
001 172444
003 ES-MaACL
005 20230906214921.0
008 090707s1982 sp |||| | spa d
017 _aM 6375-1982
020 _a84-500-5264-5
080 _a347.9(460):331
100 1 _aSanz Tomé, Federico.
_9140978
245 1 0 _aAspectos prácticos de la prueba en el proceso laboral /
_cFederico Sanz Tomé.
260 _aMadrid :
_bColegio Oficial de Graduados Sociales,
_c1982.
300 _a298 p. ;
_c25 cm.
650 4 _aProcedimiento laboral-
_zEspaña.
_9140979
852 _aES-MaACL
_jE-12759
_9R.143570
999 _c172444
_d172444